La Mancomunitat i la Diputació de Girona /
ISBN:
9788415808237
Descripción Física:
172 pàgines : il·lustracions ; 22 x 24 cm
Materias:
Catalunya. -- Mancomunitat
; Girona (Catalunya : Província). -- Diputació
; Catalunya. -- Mancomunitat -- Història
; Girona (Catalunya : Província). -- Diputació -- Història
Idioma:
Catalán
MARC
| LEADER | 00000cam a2200000 a 4500 | ||
|---|---|---|---|
| 001 | 25577 | ||
| 003 | Arxiu | ||
| 005 | 20260324181111.0 | ||
| 008 | 150807s2015 spc|||| ||||o0|1 0 cat|c | ||
| 017 | |a DL Gi 392-2015 |b Biblioteca de Catalunya | ||
| 020 | |a 9788415808237 | ||
| 043 | |a e-sp--- |b e-spc-- |a e-sp--- |b e-spcgi |2 catmarc | ||
| 080 | |a Bib-562 | ||
| 100 | |a Carmaniu Mainadé, Xavier |d 1975- | ||
| 245 | 0 | 3 | |a La Mancomunitat i la Diputació de Girona / |c Xavier Carmaniu Mainadé |
| 260 | |a Girona : |b Diputació de Girona, |c 2015 | ||
| 300 | |a 172 pàgines : |b il·lustracions ; |c 22 x 24 cm | ||
| 500 | |a Bibliografía p. 161-163. Índexs | ||
| 610 | 2 | 0 | |a Catalunya. |b Mancomunitat |9 53015 |
| 610 | 1 | 0 | |a Girona (Catalunya : Província). |b Diputació |9 11479 |
| 610 | 0 | |a Catalunya. |b Mancomunitat |x Història |9 19438 | |
| 610 | 1 | 0 | |a Girona (Catalunya : Província). |b Diputació |x Història |2 lemac |9 53014 |
| 710 | 1 | |a Girona (Catalunya : Província). |b Diputació |9 11479 | |
| 940 | |a BC | ||
| 942 | |2 udc |c ARXIU |n 1 | ||
| 952 | |0 0 |1 0 |4 0 |6 BIB562 |7 1 |9 61796 |a Arxiu |b Arxiu |d 2022-05-19 |l 0 |o Bib-562 |p 25577 |r 2022-05-19 00:00:00 |w 2022-05-19 |y ARXIU | ||
| 999 | |c 81648 |d 81648 | ||